| 000 | 01561cam a2200265 i 4500 | ||
|---|---|---|---|
| 999 |
_c130370 _d130370 |
||
| 001 | 20544043 | ||
| 003 | ARRUPE | ||
| 005 | 20200218095700.0 | ||
| 008 | 180607s2018 enk 000 1 eng | ||
| 010 | _a 2018404669 | ||
| 020 | _a9781911115519 (pbk.) | ||
| 020 | _z9781911115526 (ebook) | ||
| 040 |
_aDLC _beng _erda _cDLC |
||
| 042 | _apcc | ||
| 043 | _af-gh--- | ||
| 050 | 0 | 0 |
_aPR9379.9.A76 _bH8 2018 |
| 100 | 1 |
_aAttah, Ayesha Harruna, _eauthor. _949553 |
|
| 245 | 1 | 4 |
_aThe hundred wells of Salaga / _cAyesha Harruna Attah. |
| 260 |
_aAbuja _bCassava Pepublic Press _c2018 |
||
| 300 |
_a231p. ; _c22 cm |
||
| 520 | _a"Based on true events, a story of courage, forgiveness, love, and freedom in pre-colonial Ghana, told through the eyes of two women born to vastly different fates. Aminah lives an idyllic life until she is brutally separated from her home and forced on a journey that turns her from a daydreamer into a resilient woman. Wurche, the willful daughter of a chief, is desperate to play an important role in her father's court. These two women's lives converge as infighting among Wurche's people threatens the region, during the height of the slave trade at the end of the nineteenth century. Through the experiences of Aminah and Wurche, The Hundred Wells of Salaga offers a remarkable view of slavery and how the scramble for Africa affected the lives of everyday people"-- | ||
| 906 |
_a7 _bcbc _corigres _d3 _encip _f20 _gy-gencatlg |
||
| 942 |
_2lcc _cMONOGRAPH |
||